Soustava normativů projektování práce Využití a uplatňování normativů projektování práce v provozní praxi

Gespeichert in:
Bibliographische Detailangaben
Format: Buch
Sprache:Tschechisch
Veröffentlicht: Praha Ministerstvo průmyslu ČSR 1984
Tags: Tag hinzufügen
Keine Tags, Fügen Sie das erste Tag hinzu!

MARC

LEADER 00000nam a2200000 4500
001 c107088
005 20150325105442.1
041 0 |a cze 
044 |a CZ 
245 1 0 |a Soustava normativů projektování práce  |b Využití a uplatňování normativů projektování práce v provozní praxi 
264 1 |a Praha  |b Ministerstvo průmyslu ČSR  |c 1984 
300 |a 252 s.